LEADER 01412nam a2200253 i 4500 001 000000170641 003 CaOOAMICUS 005 20080404000000.0 008 080404s1970 it u000 u ita u 013 $a148057 040 $aSeMil$bita 100 1 $aTartarotti, Girolamo,$d<1706-1761>.$0(OLS)http://semarc/name/63863 245 10$aMemorie istoriche intorno alla vita e morte de' ss. Sisinnio martire, ed Alessandro :$bmartirizzati nell'Anaunia, ora Val di Non, Diocesi di Trento : l'anno dell'Era volgare 397 /$cRaccolte dall'abbate Girolamo Tartarotti roveretano. 250 $aEd. speciale numerata limitata a n. 1100 esempl. 260 $aTrento :$bTipografia Dossi,$cstampa 1970. 300 $a63 p. ;$c21 cm. 500 $aFacsimile dell'edizione: Verona : nella Stamperia del Seminario, presso Agostino Carattoni, 1745. - Fondo Card. Giovanni Colombo. 650 4$aMartiri Anauniensi.$0(OLS)http://semarc/subject/11205 850 $aSeMil 852 $aSeMil$W1$xVenegono$y1$m3H IV 331$j121524$B121524$CSeMilBibl$Z2$F133421 $81 941 1 $a3 961 $aLascito: Colombo Card. Giovanni 996 $6245$aMemorie istoriche intorno alla vita e morte de' ss. Sisinnio martire, ed Alessandro :$bmartirizzati nell'Anaunia, ora Val di Non, Diocesi di Trento : l'anno dell'Era volgare 397$9(OLS)http://semarc/title/244077 996 $6260$aTrento :$bTipografia Dossi$9(OLS)http://semarc/publisher/48963 LEADER 01135nam a2200241 i 4500 001 000000231197 003 CaOOAMICUS 005 20140716000000.0 008 140716s1975 it u000 u ita u 013 $a210100 040 $aSeMil$bita 100 1 $aMannucci, Valerio <1932-1995>.$0(OLS)http://semarc/name/21298 245 12$aL'ora della conversione :$bla parola di Dio nel sacramento della penitenza /$cValerio Mannucci ; A cura del C.A.L. 260 $aTorino :$bMarietti,$c1975. 300 $a383 p. ;$c18 cm. 500 $aContiene : Indice dei testi biblici. 650 4$aPenitenza - Sussidi liturgici.$0(OLS)http://semarc/subject/21772 650 4$aPenitenza - Sussidi biblici.$0(OLS)http://semarc/subject/41433 710 2 $aCentro di Azione Liturgica .$0(OLS)http://semarc/name/485 850 $aSeMil 852 $aSeMil$W1$xVenegono$y1$m2Z II 120$j181543$B181543$CSeMilBibl$Z2$F192340 $81 996 $6245$aL'ora della conversione :$bla parola di Dio nel sacramento della penitenza$9(OLS)http://semarc/title/330202 996 $6260$aTorino :$bMarietti$9(OLS)http://semarc/publisher/29916